[Event "Drop-out Tournament - R2, Game 10"]
[Site "SchemingMind.com"]
[Date "2004.04.16"]
[Round "2"]
[White "spoke"]
[Black "swayne"]
[Result "1-0"]
[WhiteCountry "GER"]
[BlackCountry "ENG"]
[WhiteElo "1748"]
[WhiteRD "79"]
[BlackElo "1466"]
[BlackRD "79"]
[GameID "1899"]

1. e4 e5 2. Nf3 Nc6 3. Bc4 h6 4. d4 d6 5. dxe5 dxe5 6. Qxd8+ Kxd8 7. Bxf7 Nf6 8. Bg6 Bd6 9. Nc3 Be6 10. Be3 Kd7
11. O-O-O Rad8 12. Bc5 Kc8 13. Bxd6 cxd6 14. Nb5 a6 15. Nxd6+ Kb8 16. Rhe1 Rhf8 17. Nf5 Bxf5 18. Bxf5 g5 19. Rxd8+ Rxd8 20. Rd1 Rxd1+
21. Kxd1 Kc7 22. h3 b5 23. c3 Kd6 24. Nd2 a5 25. a3 Kc5 26. b4+ axb4 27. axb4+ Kb6 28. Kc2 Nh5 29. g3 Nf6 30. Kb3 Ng8
31. Nf3 Nge7 32. Bd7 Kc7 33. Bxc6 Nxc6 34. c4 Kd6 35. cxb5 Nd4+ 36. Nxd4
1-0

[Event "Drop-out Tournament - R2, Game 11"]
[Site "SchemingMind.com"]
[Date "2004.04.15"]
[Round "2"]
[White "swayne"]
[Black "loco61"]
[Result "0-1"]
[WhiteCountry "ENG"]
[BlackCountry "ENG"]
[WhiteElo "1463"]
[WhiteRD "73"]
[BlackElo "1642"]
[BlackRD "81"]
[GameID "1900"]

1. d4 Nf6 2. Nf3 c5 3. d5 b5 4. Bf4 d6 5. Nc3 b4 6. Na4 e5 7. Bg5 Bf5 8. e3 a6 9. Bd3 Bd7 10. b3 Be7
11. O-O h6 12. Bxf6 Bxf6 13. e4 Bxa4 14. bxa4 O-O 15. a3 Qb6 16. axb4 Qxb4 17. c4 Nd7 18. Rb1 Qa5 19. Nd2 Rab8 20. Rxb8 Rxb8
21. Nf3 Rb4 22. h3 Rxa4 23. Qe2 Nb6 24. Nd2 Ra2 25. Rd1 Qb4 26. Kh2 Bg5 27. Rb1 Qxd2 28. Qf3 Nd7 29. Rb7 Nf6 30. Rb8+ Kh7
31. Qf5+ g6 32. Qc8 Bf4+ 33. Kg1 Ra1+ 34. Bf1 Rxf1+ 35. Kxf1 Qd1#
0-1

[Event "Drop-out Tournament - R2, Game 15"]
[Site "SchemingMind.com"]
[Date "2004.04.16"]
[Round "2"]
[White "pinochet"]
[Black "Gary"]
[Result "0-1"]
[WhiteCountry "CHI"]
[BlackCountry "ENG"]
[WhiteElo "1633"]
[WhiteRD "87"]
[BlackElo "1625"]
[BlackRD "67"]
[GameID "1902"]

1. e4 c5 2. g3 Nc6 3. Bg2 Nf6 4. Nc3 e6 5. d3 Be7 6. Nf3 d6 7. O-O O-O 8. Bg5 h6 9. Bxf6 Bxf6 10. a3 b6
11. e5 Be7 12. exd6 Bxd6 13. Nd2 Bb7 14. Nde4 Be5 15. Qg4 f5 16. Qg6 fxe4 17. Bxe4 Qf6 18. Qxf6 Bxf6 19. Rae1 Rfe8 20. Nb5 Be5
21. Nxa7 Rxa7 22. Bxc6 Bxc6 23. Rxe5 Rd7 24. f4 Rd5 25. Rfe1 Kf7 26. R5e4 Kf6 27. Rf1 b5 28. b4 cxb4 29. Rxb4 Ra8 30. Ra1 Rc5
31. c4 bxc4 32. Rxc4 Rxc4 33. dxc4 Ra4 34. h4 Rxc4 35. Kh2 Rc2+ 36. Kh3 h5 37. g4 Rc3+ 38. Kh2 hxg4 39. a4 Rh3+ 40. Kg1 Rh1+
0-1

[Event "Drop-out Tournament - R2, Game 16"]
[Site "SchemingMind.com"]
[Date "2004.04.16"]
[Round "2"]
[White "Gary"]
[Black "Mel"]
[Result "1/2-1/2"]
[WhiteCountry "ENG"]
[BlackCountry "USA"]
[WhiteElo "1655"]
[WhiteRD "65"]
[BlackElo "1486"]
[BlackRD "90"]
[GameID "1903"]

1. c4 e5 2. Nc3 Nf6 3. g3 d5 4. cxd5 Nxd5 5. Bg2 Nxc3 6. bxc3 c6 7. e3 Be7 8. Ne2 O-O 9. O-O Nd7 10. d4 Nf6
11. dxe5 Qxd1 12. Rxd1 Ng4 13. f4 f6 14. h3 Nh6 15. exf6 Rxf6 16. g4 Nf7 17. Bb2 Bc5 18. Nd4 Rd6 19. Kf2 a5 20. a4 Bd7
21. Ke2 g6 22. Ba3 Bxa3 23. Rxa3 Rb8 24. e4 c5 25. e5 Rb6 26. Nf3 Be6 27. Nd2 Rd8 28. Be4 Rb2 29. Ke1 g5 30. f5 Bd5
31. e6 Bxe4 32. exf7+ Kxf7 33. Nxe4 Re8 34. Rd7+ Kg8 35. Kd1 Rxe4 36. Rd8+ Kf7 37. Rd7+ Kg8 38. Rd8+ Kg7 39. Rd7+ Kf6 40. Rxh7 Re3
41. Rh6+=
1/2-1/2

[Event "Drop-out Tournament - R2, Game 17"]
[Site "SchemingMind.com"]
[Date "2004.04.16"]
[Round "2"]
[White "Mel"]
[Black "Austin Lockwood"]
[Result "1/2-1/2"]
[WhiteCountry "USA"]
[BlackCountry "ENG"]
[WhiteElo "1521"]
[WhiteRD "88"]
[BlackElo "1644"]
[BlackRD "68"]
[GameID "1904"]

1. d4 Nf6 2. Nc3 d5 3. e3 e6 4. Bd3 b6 5. a3 Bd6 6. Nf3 O-O 7. e4 dxe4 8. Nxe4 Nxe4 9. Bxe4 c6 10. O-O Ba6
11. Re1 Qc7 12. Qd2 Nd7 13. Qc3 Rac8 14. g3 c5 15. d5 exd5 16. Bxd5 Nf6 17. Be4 Nxe4 18. Rxe4 Rce8 19. Bh6 f6 20. Rg4 Rf7
21. Qb3 c4 22. Qa4 Qc8 23. h3 b5 24. Qa5 Bc7 25. Qd2 Be5 26. Nd4 f5 27. Rg5 Bxd4 28. Qxd4 Ree7 29. Kf1 Qe6 30. Rxg7+ Rxg7
31. Bxg7 Rxg7 32. Qd8+ Kf7 33. Re1 Qc6=
1/2-1/2

[Event "Drop-out Tournament - R2, Game 18"]
[Site "SchemingMind.com"]
[Date "2004.04.15"]
[Round "2"]
[White "Austin Lockwood"]
[Black "spoke"]
[Result "1/2-1/2"]
[WhiteCountry "ENG"]
[BlackCountry "GER"]
[WhiteElo "1709"]
[WhiteRD "75"]
[BlackElo "1748"]
[BlackRD "79"]
[GameID "1905"]

1. e4 e5 2. Nc3 Nc6 3. Bc4 Nf6 4. Nf3 Nxe4 5. Nxe4 d5 6. Bxd5 Qxd5 7. Nc3 Qd8 8. O-O Bd6 9. d3 O-O 10. Bg5 f6
11. Bh4 Bg4 12. h3 Bh5 13. Ne4 Nd4 14. g4 Nxf3+ 15. Qxf3 Bg6 16. Nxd6 Qxd6 17. Qxb7 Rab8 18. Qxa7 Rxb2 19. Rfb1 Rxc2 20. a4 Qxd3
21. Qe3 Qxe3 22. fxe3 Be4 23. Bf2 Rd8 24. Rc1 Rdd2 25. Rxc2 Bxc2 26. a5 Rd1+ 27. Rxd1 Bxd1 28. a6 Bf3 29. Be1 Kf7=
1/2-1/2

[Event "Drop-out Tournament - R2, Game 04"]
[Site "SchemingMind.com"]
[Date "2004.04.23"]
[Round "2"]
[White "Brian Frew"]
[Black "wonko"]
[Result "0-1"]
[WhiteCountry "GBR"]
[BlackCountry "FIN"]
[WhiteElo "1774"]
[WhiteRD "130"]
[BlackElo "1929"]
[BlackRD "110"]
[GameID "1956"]

1. Nf3 d5 2. d4 Nf6 3. Bg5 Ne4 4. Bf4 e6 5. e3 g5 6. Bg3 Nd7 7. h3 Nxg3 8. fxg3 Bd6 9. g4 Bg3+ 10. Kd2 h6
11. Nc3 a6 12. Bd3 c5 13. dxc5 Nxc5 14. Kc1 Bd7 15. Rf1 Qc7 16. Kb1 O-O-O 17. Nd4 Be8 18. Nce2 Bd6 19. Qd2 e5 20. Bf5+ Kb8
21. Nb3 Bb5 22. Rd1 Ne4 23. Qe1 Qc4 24. Ng3 Bb4 25. c3 Nxc3+ 26. bxc3 Bxc3 27. Qf2 e4 28. Qc2 Qc7 29. a4 Bd3 30. Rxd3 exd3
31. Bxd3 Rc8
0-1

[Event "Drop-out Tournament - R2, Game 05"]
[Site "SchemingMind.com"]
[Date "2004.04.23"]
[Round "2"]
[White "wonko"]
[Black "alanwo"]
[Result "1-0"]
[WhiteCountry "FIN"]
[BlackCountry "ENG"]
[WhiteElo "1929"]
[WhiteRD "110"]
[BlackElo "1750"]
[BlackRD "125"]
[GameID "1957"]

1. e4 e6 2. d4 d5 3. Nd2 c5 4. Ngf3 cxd4 5. Nxd4 a6 6. exd5 Qxd5 7. N4f3 Nf6 8. Bc4 Qd8 9. O-O Be7 10. Qe2 O-O
11. Ne4 Nbd7 12. Bd3 Nxe4 13. Qxe4 Nf6 14. Qh4 g6 15. Bg5 Nd5 16. Rfd1 f6 17. Bh6 f5 18. Qa4 Bd7 19. Qb3 Qb6 20. Bxf8 Qxb3
21. axb3 Rxf8 22. Bc4 Kg7 23. Bxd5 exd5 24. Rxd5 Bc6 25. Rd2 Kh6 26. Ne5 Bg5 27. Rd3 Be4 28. Rh3+ Kg7 29. Rd1 Kg8 30. Rd7 Bf6
31. f4 Rc8 32. c3 Re8 33. Rhxh7 Rf8 34. Rh6
1-0

[Event "Drop-out Tournament - R2, Game 06"]
[Site "SchemingMind.com"]
[Date "2004.04.26"]
[Round "2"]
[White "alanwo"]
[Black "Geomy"]
[Result "1/2-1/2"]
[WhiteCountry "ENG"]
[BlackCountry "ENG"]
[WhiteElo "1736"]
[WhiteRD "117"]
[BlackElo "1715"]
[BlackRD "123"]
[GameID "1958"]

1. d4 Nf6 2. Nc3 g6 3. Nf3 Bg7 4. b3 c5 5. e3 e6 6. Be2 O-O 7. Bb2 b6 8. O-O Bb7 9. Nb5 Ne8 10. c4 a6
11. Nc3 Qc7 12. Nb1 d5 13. Nbd2 Nd7 14. Rc1 a5 15. Ba1 Qd8 16. Re1 Nef6 17. dxc5 Nxc5 18. Bd4 Nfd7 19. cxd5 Bxd5 20. Nc4 Rc8
21. h3 Bb7 22. Nd6 Rb8 23. Nxb7 Nxb7 24. Bxg7 Kxg7 25. Rc2 Ndc5 26. Qa1+ Qf6 27. Qe5 Rbc8 28. Rec1 Rfd8 29. g4 Rd5 30. Qxf6+ Kxf6
31. Bc4 Rd6 32. Re2 Rcd8 33. e4 Rd1+ 34. Re1 Rxc1 35. e5+ Kg7 36. Rxc1 h6 37. Rc2 Rd1+ 38. Kg2 Nd8 39. Rd2= Rxd2 40. Nxd2 Nc6
41. f4 Nd4 42. Kf2 Nc2 43. Kf3 g5 44. fxg5 hxg5 45. Ne4=
1/2-1/2

[Event "Drop-out Tournament - R2, Game 07"]
[Site "SchemingMind.com"]
[Date "2004.04.23"]
[Round "2"]
[White "Geomy"]
[Black "Barry"]
[Result "0-1"]
[WhiteCountry "ENG"]
[BlackCountry "GBR"]
[WhiteElo "1675"]
[WhiteRD "140"]
[BlackElo "1794"]
[BlackRD "114"]
[GameID "1959"]

1. d4 d5 2. c4 e6 3. Nc3 a6 4. Nf3 Nf6 5. Bg5 Be7 6. e3 c6 7. Bd3 O-O 8. O-O Nbd7 9. Rc1 dxc4 10. Bxc4 Nd5
11. Bxe7 Qxe7 12. a3 N7f6 13. Bd3 h6 14. Ne4 Nxe4 15. Bxe4 Nf6 16. Bd3 Bd7 17. Ne5 Rac8 18. b4 Rfd8 19. Qb3 Nd5 20. Be2 Be8
21. g3 f6 22. Nd3 Bf7 23. Qb2 Bg6 24. Nc5 Rc7 25. Bg4 f5 26. Nd3 fxg4
0-1

[Event "Drop-out Tournament - R2, Game 12"]
[Site "SchemingMind.com"]
[Date "2004.06.09"]
[Round "2"]
[White "loco61"]
[Black "leroipere"]
[Result "1-0"]
[WhiteCountry "ENG"]
[BlackCountry "FRA"]
[WhiteElo "1639"]
[WhiteRD "72"]
[BlackElo "1712"]
[BlackRD "166"]
[GameID "2498"]

1. e4 e5 2. Nf3 Nf6 3. Nxe5 d6 4. Nf3 Nxe4 5. d3 Ng5 6. Be2 Be7 7. Nc3 O-O 8. O-O b6 9. Nxg5 h6 10. Nge4 Nc6
11. d4 d5 12. Ng3 Bd6 13. Be3 Re8 14. Qd2 g5 15. Bf3 Be6 16. Nce2 f5 17. Bh5 Rf8 18. f4 Bf7 19. Bxf7+ Rxf7 20. fxg5
1-0

[Event "Drop-out Tournament - R2, Game 13"]
[Site "SchemingMind.com"]
[Date "2004.06.08"]
[Round "2"]
[White "leroipere"]
[Black "roscoe"]
[Result "1-0"]
[WhiteCountry "FRA"]
[BlackCountry "USA"]
[WhiteElo "1712"]
[WhiteRD "166"]
[BlackElo "1515"]
[BlackRD "89"]
[GameID "2499"]

1. e4 d6 2. d4 Nd7 3. Nf3 Ngf6 4. Bb5 c6 5. Ba4 b5 6. Bb3 Qa5+ 7. Bd2 Qb6 8. Ng5 d5 9. e5 Ne4 10. c3 Nxd2
11. Nxd2 b4 12. O-O g6 13. Qf3 f6 14. exf6 exf6 15. Qe3+ Be7 16. Rae1 Qd8 17. Ne6 Qb6 18. Ng7+ Kf8 19. Qxe7+ Kg8 20. Ne6 Bb7
21. Qg7#
1-0

[Event "Drop-out Tournament - R2, Game 14"]
[Site "SchemingMind.com"]
[Date "2004.06.09"]
[Round "2"]
[White "roscoe"]
[Black "pinochet"]
[Result "0-1"]
[WhiteCountry "USA"]
[BlackCountry "CHI"]
[WhiteElo "1461"]
[WhiteRD "88"]
[BlackElo "1581"]
[BlackRD "79"]
[GameID "2500"]

1. Nf3 d5 2. d4 Nc6 3. g3 Nf6 4. Bg2 e6 5. O-O Bd6 6. Re1 O-O 7. Bg5 Bd7 8. e4 h6 9. Bxf6 Qxf6 10. e5 Bxe5
11. dxe5 Qg6 12. Nbd2 Nb4 13. Re2 Qxc2 14. Qxc2 Nxc2 15. Rc1 Bb5 16. Bf1 Bxe2 17. Bxe2 Nb4 18. Rxc7 Nxa2 19. Rxb7 Rab8 20. Rxa7 Nc1
21. Ba6 Rxb2 22. Rb7 Rc2 23. Nb3 Nxb3 24. Rxb3 Ra8 25. Bd3 Ra1+ 26. Kg2 Rc8 27. h4 g6 28. Nd4 g5 29. hxg5 hxg5 30. Bb5 g4
31. Nc6 Kg7 32. Nd4 Rcc1 33. Ne2 Rh1 34. Rb4 Rh5 35. Rxg4+ Kf8 36. Nf4 Rxe5 37. Rh4 Ra2 38. Nd3 Rg5 39. Kh3 e5 40. Rh8+ Kg7
41. Kh4 f6 42. Rh5 Rxh5+ 43. Kxh5 e4 44. Nc5 Rxf2 45. Ne6+ Kf7 46. Nd8+ Ke7 47. Nc6+ Kd6 48. Nd8 e3 49. Kg6 e2 50. Bxe2 Rxe2
51. Kxf6 d4 52. Nf7+ Kd5 53. Kf5 d3
0-1

[Event "Drop-out Tournament - R3, Game 1"]
[Site "SchemingMind.com"]
[Date "2004.07.20"]
[Round "3"]
[White "Barry"]
[Black "Grimwade"]
[Result "1/2-1/2"]
[WhiteCountry "GBR"]
[BlackCountry "SWE"]
[WhiteElo "1738"]
[WhiteRD "92"]
[BlackElo "1935"]
[BlackRD "145"]
[GameID "2947"]

1. e4 c5 2. Nf3 e6 3. d4 cxd4 4. Nxd4 Nc6 5. Nc3 d6 6. Bb5 Bd7 7. O-O Nf6 8. Bg5 Be7 9. Re1 O-O 10. Nxc6 Bxc6
11. Bxc6 bxc6 12. Qd2 Rb8 13. Na4 Nxe4 14. Bxe7 Nxd2 15. Bxd8 Rfxd8 16. b3 d5 17. f3 Rb4 18. Nc5 Rb5 19. Nd3 c5 20. Rad1 c4
21. Rxd2 cxd3 22. Rxd3 Rc8 23. Rc1 Rbc5 24. c4 e5 25. Rcd1 d4 26. Kf2 f6 27. f4 Kf7 28. Re1 Rd8 29. fxe5 fxe5 30. Kf3 Rf8
31. Rf1 Ke6+ 32. Ke2 Rxf1 33. Kxf1=
1/2-1/2

[Event "Drop-out Tournament - R3, Game 2"]
[Site "SchemingMind.com"]
[Date "2004.07.22"]
[Round "3"]
[White "Grimwade"]
[Black "wonko"]
[Result "1-0"]
[WhiteCountry "SWE"]
[BlackCountry "FIN"]
[WhiteElo "1986"]
[WhiteRD "138"]
[BlackElo "1828"]
[BlackRD "89"]
[GameID "2948"]

1. d4 Nf6 2. c4 d5 3. cxd5 e6 4. dxe6 Bxe6 5. Nc3 Bb4 6. a3 Ba5 7. Nf3 Ne4 8. Qc2 Nxc3 9. bxc3 c5 10. e3 O-O
11. Bd3 Nc6 12. O-O f5 13. dxc5 Qf6 14. Nd4 Ne5 15. Be2 Rac8 16. c4 Rxc5 17. Nb3 Rxc4 18. Bxc4 Nxc4 19. Nxa5 Nxa5 20. Bb2 Qe7
21. Bd4 Rc8 22. Qb2 b6 23. Rfe1 Nb3 24. Rad1 Bc4 25. Be5 Nc5 26. Qd4 Nd3 27. Bd6 Qe4 28. Qxe4 fxe4 29. Re2 Bb3 30. Rb1 Rc3
31. f3 exf3 32. gxf3 Bc2 33. Rf1 Nc5 34. Rc1 Bd3 35. Rxc3 Bxe2 36. Bxc5 bxc5 37. Kf2 Bb5 38. Rxc5 a6 39. e4 Kf7 40. h4 Kf6
41. Ke3 g6 42. f4 Ke6 43. Kd4 h5 44. Rxb5 axb5 45. Kc5 Kd7 46. Kxb5
1-0

[Event "Drop-out Tournament - R3, Game 3"]
[Site "SchemingMind.com"]
[Date "2004.08.08"]
[Round "3"]
[White "wonko"]
[Black "Barry"]
[Result "1-0"]
[WhiteCountry "FIN"]
[BlackCountry "GBR"]
[WhiteElo "1946"]
[WhiteRD "103"]
[BlackElo "1738"]
[BlackRD "92"]
[GameID "2949"]

1. d4 d5 2. Nf3 Nf6 3. Nc3 e6 4. Bg5 Be7 5. e3 Nc6 6. Bd3 O-O 7. O-O h6 8. Bh4 Nb4 9. Ne5 Nxd3 10. Qxd3 Nd7
11. Bxe7 Qxe7 12. Nxd7 Bxd7 13. e4 dxe4 14. Nxe4 Rad8 15. Rfe1 Bc6 16. Rad1 Bxe4 17. Rxe4 Rd6 18. b4 Rfd8 19. c3 b6 20. Qe2 Qd7
21. Re5 f6 22. Re4 e5 23. Re1 exd4 24. Re7 Qf5 25. Qc4+ Kh8 26. Qf7 Qg5 27. h4 Qg4 28. R7e4 Qd7 29. Re7 Qg4 30. R1e4 Qd1+
31. Kh2 Rg8 32. Re8 Rxe8 33. Rxe8+
1-0

[Event "Drop-out Tournament - R3, Game 4"]
[Site "SchemingMind.com"]
[Date "2004.07.20"]
[Round "3"]
[White "Richard W"]
[Black "spoke"]
[Result "0-1"]
[WhiteCountry "ENG"]
[BlackCountry "GER"]
[WhiteElo "1628"]
[WhiteRD "101"]
[BlackElo "1784"]
[BlackRD "87"]
[GameID "2950"]

1. d4 d5 2. c4 e6 3. Nc3 Nf6 4. Bg5 Nbd7 5. cxd5 exd5 6. Nxd5 Nxd5 7. Bxd8 Bb4+ 8. Qd2 Bxd2+ 9. Kxd2 Kxd8 10. e4 N5b6
11. Nf3 Nf6 12. Ng5 Ke7 13. Re1 h6 14. Nf3 Bg4 15. Ne5 Rad8 16. d5 Rhe8 17. f3 Bh5 18. b3 Kf8 19. Bc4 Rxe5 20. Kd3 Nxc4
21. bxc4 c6 22. f4 Ree8 23. e5 Ng4 24. Kd4 cxd5 25. cxd5 f6 26. e6 Nf2 27. Rhf1 Bg4 28. e7+ Rxe7 29. Rxe7 Kxe7 30. Rxf2 Be6
31. Re2 Rxd5+ 32. Kc3 f5 33. a3 Kf6 34. g3 Rb5 35. a4 Rb3+ 36. Kd2 Rb2+ 37. Ke3 Rxe2+ 38. Kxe2 a5
0-1

[Event "Drop-out Tournament - R3, Game 5"]
[Site "SchemingMind.com"]
[Date "2004.07.20"]
[Round "3"]
[White "spoke"]
[Black "dmichael"]
[Result "0-1"]
[WhiteCountry "GER"]
[BlackCountry "USA"]
[WhiteElo "1804"]
[WhiteRD "83"]
[BlackElo "2004"]
[BlackRD "113"]
[GameID "2951"]

1. e4 e6 2. d4 d5 3. Nc3 Nf6 4. Bg5 dxe4 5. Nxe4 Be7 6. Bxf6 Bxf6 7. Nf3 Nd7 8. Qd2 Qe7 9. Bd3 O-O 10. O-O c5
11. Nxf6+ Nxf6 12. Rad1 b6 13. dxc5 Qxc5 14. Rfe1 Bb7 15. Ne5 Qd5 16. Qg5 h6 17. Qg3 Qxa2 18. b3 Qa3 19. Ng4 Nxg4 20. Qxg4 Rfd8
21. Re3 Qe7 22. Qe2 Qg5 23. Rg3 Qf6 24. Re3 Rac8 25. Be4 Rxd1+ 26. Qxd1 Bxe4 27. Rxe4 Rxc2 28. f3 Qb2
0-1

[Event "Drop-out Tournament - R3, Game 6"]
[Site "SchemingMind.com"]
[Date "2004.07.25"]
[Round "3"]
[White "dmichael"]
[Black "loco61"]
[Result "1-0"]
[WhiteCountry "USA"]
[BlackCountry "ENG"]
[WhiteElo "2024"]
[WhiteRD "108"]
[BlackElo "1568"]
[BlackRD "73"]
[GameID "2952"]

1. c4 e5 2. g3 Nc6 3. Bg2 Bc5 4. Nc3 Nf6 5. a3 O-O 6. e3 d6 7. Nge2 Bg4 8. O-O Qd7 9. b4 Bb6 10. Bb2 a6
11. Qc2 Ne7 12. Bxb7 Ra7 13. Bg2 c5 14. bxc5 Bxc5 15. d4 exd4 16. exd4 Bb6 17. Ne4 Qe6 18. Nf4 Qf5 19. f3 Bh5 20. Bh3 Qa5
21. Nxf6+ gxf6 22. c5 dxc5 23. Nxh5 cxd4 24. Nxf6+ Kg7 25. Qxh7+ Kxf6 26. f4 Ng6 27. f5 Ne5 28. Qh6+ Ke7 29. f6+ Ke8 30. Rfe1 d3+
31. Kf1 Bc7 32. Bxe5 Bxe5 33. Rab1 Qc7 34. Rbc1 Qb8 35. Rxe5+ Qxe5 36. Rc8#
1-0

[Event "Drop-out Tournament - R3, Game 7"]
[Site "SchemingMind.com"]
[Date "2004.07.20"]
[Round "3"]
[White "loco61"]
[Black "alanwo"]
[Result "1-0"]
[WhiteCountry "ENG"]
[BlackCountry "ENG"]
[WhiteElo "1660"]
[WhiteRD "74"]
[BlackElo "1662"]
[BlackRD "102"]
[GameID "2953"]

1. e4 e6 2. d4 d5 3. e5 c5 4. c3 Qb6 5. Nf3 Nc6 6. a3 cxd4 7. cxd4 Bd7 8. Be2 Nge7 9. O-O Nf5 10. b4 Ncxd4
11. Bd3 Nxf3+ 12. Qxf3 Be7 13. Bxf5 exf5 14. Qxd5 O-O 15. Qxd7
1-0

[Event "Drop-out Tournament - R3, Game 8"]
[Site "SchemingMind.com"]
[Date "2004.07.21"]
[Round "3"]
[White "alanwo"]
[Black "Richard W"]
[Result "1/2-1/2"]
[WhiteCountry "ENG"]
[BlackCountry "ENG"]
[WhiteElo "1662"]
[WhiteRD "102"]
[BlackElo "1628"]
[BlackRD "101"]
[GameID "2954"]

1. d4 Nf6 2. c4 e6 3. Nc3 Bb4 4. Bd2 O-O 5. Nf3 b6 6. Rc1 Bb7 7. e3 d5 8. Be2 dxc4 9. Bxc4 Nbd7 10. O-O c5
11. a3 Bxc3 12. Bxc3 Ne4 13. Be2 Nxc3 14. Rxc3 Qf6 15. dxc5 Nxc5 16. Qc1 Rac8 17. Rd1 Rfd8 18. Rxd8+ Qxd8 19. b4 Ne4 20. Rxc8 Qxc8
21. Qxc8+ Bxc8 22. Bd3 Nf6 23. Ne5 Bb7=
1/2-1/2

[Event "Drop-out Tournament - R3, Game 9"]
[Site "SchemingMind.com"]
[Date "2004.07.20"]
[Round "3"]
[White "Gary"]
[Black "Geomy"]
[Result "1/2-1/2"]
[WhiteCountry "ENG"]
[BlackCountry "ENG"]
[WhiteElo "1692"]
[WhiteRD "62"]
[BlackElo "1730"]
[BlackRD "116"]
[GameID "2955"]

1. c4 d5 2. cxd5 Nf6 3. Nf3 Nxd5 4. e4 Nb6 5. Nc3 g6 6. d4 Bg7 7. Bd3 Bg4 8. Be3 O-O 9. Be2 Nc6 10. d5 Nb8
11. O-O c6 12. dxc6 Nxc6 13. h3 Be6 14. Rc1 Nc4 15. Bxc4 Bxc4 16. Re1 Nb4 17. Qxd8 Rfxd8 18. Red1 Nc6 19. b3 Be6 20. Nb5 a6
21. Nc7 Rxd1+ 22. Rxd1 Rd8 23. Rxd8+ Nxd8 24. Nd4 Bd7 25. Nd5 e6 26. Nb6 Be8 27. f4= e5 28. fxe5 Bxe5 29. Nc4 Bc7 30. Kf2 Nc6
31. Ke2 Bd7 32. Kf3 b5 33. Nd2 Ba5 34. Ke2 Kg7 35. N2f3 Bb4 36. Nc2=
1/2-1/2

[Event "Drop-out Tournament - R3, Game 10"]
[Site "SchemingMind.com"]
[Date "2004.07.20"]
[Round "3"]
[White "Geomy"]
[Black "Mel"]
[Result "1-0"]
[WhiteCountry "ENG"]
[BlackCountry "USA"]
[WhiteElo "1732"]
[WhiteRD "123"]
[BlackElo "1471"]
[BlackRD "93"]
[GameID "2956"]

1. d4 e6 2. c4 Nf6 3. Nf3 Nc6 4. Bg5 h6 5. Bh4 Bb4+ 6. Nbd2 d5 7. e3 g5 8. Bg3 Ne4 9. a3 Bxd2+ 10. Nxd2 Nxg3
11. hxg3 Qf6 12. b4 Ne7 13. Nf3 Bd7 14. Qc2 O-O-O 15. Rc1 Bc6 16. b5 Be8 17. cxd5 c6 18. dxc6 bxc6 19. Ne5 c5 20. Qxc5+ Kb8
21. Qc7+
1-0

[Event "Drop-out Tournament - R3, Game 11"]
[Site "SchemingMind.com"]
[Date "2004.07.20"]
[Round "3"]
[White "Mel"]
[Black "Stephen"]
[Result "0-1"]
[WhiteCountry "USA"]
[BlackCountry "ENG"]
[WhiteElo "1471"]
[WhiteRD "93"]
[BlackElo "1875"]
[BlackRD "82"]
[GameID "2957"]

1. e4 d5 2. d3 dxe4 3. dxe4 Qxd1+ 4. Kxd1 e5 5. Nf3 Bg4 6. Be2 Nc6 7. Be3 O-O-O+ 8. Nfd2 Bxe2+ 9. Kxe2 Nf6 10. Rd1 Ng4
11. h3 Nxe3 12. fxe3 Bc5 13. Nc3 f6 14. a3 Rd7 15. b4 Bd6 16. Nd5 Rhd8 17. Nc4 Bf8 18. b5 Ne7 19. a4 Nxd5 20. exd5 Rxd5
21. Rd3 e4 22. Rd2 f5 23. c3 g6 24. Rad1 Rxd2+ 25. Rxd2 Rxd2+ 26. Nxd2 Bg7 27. c4 Kd7 28. Nb3 b6 29. Kf2 Be5 30. g3 c6
31. a5 cxb5 32. cxb5 bxa5 33. Nxa5 Bc7 34. Nb7 Bb6 35. Ke2 Kc7
0-1

[Event "Drop-out Tournament - R3, Game 12"]
[Site "SchemingMind.com"]
[Date "2004.07.20"]
[Round "3"]
[White "Stephen"]
[Black "Austin Lockwood"]
[Result "1-0"]
[WhiteCountry "ENG"]
[BlackCountry "ENG"]
[WhiteElo "1821"]
[WhiteRD "85"]
[BlackElo "1645"]
[BlackRD "69"]
[GameID "2958"]

1. d4 d5 2. Nf3 g6 3. Nc3 Bg7 4. Bf4 Nf6 5. e3 O-O 6. Be2 Nc6 7. Ne5 Nxe5 8. Bxe5 Bf5 9. g4 Be6 10. h4 Nxg4
11. Bxg4 Bxe5 12. Bxe6 fxe6 13. dxe5 Rf5 14. f4 Qd7 15. h5 Rxh5 16. Rxh5 gxh5 17. Qxh5 d4 18. O-O-O a5 19. Rg1+ Kf8 20. Qxh7 dxc3
21. Rg8#
1-0

[Event "Drop-out Tournament - R3, Game 13"]
[Site "SchemingMind.com"]
[Date "2004.07.20"]
[Round "3"]
[White "Austin Lockwood"]
[Black "Gary"]
[Result "1/2-1/2"]
[WhiteCountry "ENG"]
[BlackCountry "ENG"]
[WhiteElo "1637"]
[WhiteRD "70"]
[BlackElo "1606"]
[BlackRD "61"]
[GameID "2959"]

1. e4 c5 2. Nf3 d6 3. Bb5+ Bd7 4. Bxd7+ Nxd7 5. O-O Ngf6 6. Qe2 g6 7. b3 Bg7 8. Bb2 O-O 9. c4 e6 10. Na3 a6
11. d3 Rb8 12. e5 Ne8 13. Rfe1 b5 14. cxb5 axb5 15. d4 cxd4 16. exd6 Nxd6 17. Bxd4 Bxd4 18. Nxd4 b4 19. Nc6 Qc7 20. Nxb8 Rxb8
21. Rac1 Qb6 22. Nc4 Nxc4 23. Qxc4 Nf6 24. Red1 Nd5 25. h3 Qb5 26. Qxb5 Rxb5 27. Rc8+ Kg7 28. a4 bxa3 29. Rd4 Rxb3 30. Ra8 Nc3
31. Rc4 a2=
1/2-1/2

[Event "2004 Standard Chess Dropout Tournament, Round 4"]
[Site "SchemingMind.com"]
[Date "2004.11.12"]
[Round "4"]
[White "Stephen"]
[Black "wonko"]
[Result "1-0"]
[WhiteCountry "ENG"]
[BlackCountry "FIN"]
[WhiteElo "1812"]
[WhiteRD "79"]
[BlackElo "1817"]
[BlackRD "86"]
[GameID "5182"]

1. d4 Nf6 2. Nf3 e6 3. Bg5 c5 4. e3 cxd4 5. exd4 d5 6. Bd3 Qb6 7. Qc1 Be7 8. Nbd2 Nc6 9. c3 O-O 10. O-O h6
11. Bh4 Re8 12. Re1 Bd7 13. Ne5 Nxe5 14. dxe5 Ng4 15. Bg3 Bg5 16. h3 Bf4 17. Bxf4
1-0

[Event "2004 Standard Chess Dropout Tournament, Round 4"]
[Site "SchemingMind.com"]
[Date "2004.11.12"]
[Round "4"]
[White "wonko"]
[Black "Barry"]
[Result "0-1"]
[WhiteCountry "FIN"]
[BlackCountry "GBR"]
[WhiteElo "1817"]
[WhiteRD "86"]
[BlackElo "1764"]
[BlackRD "83"]
[GameID "5183"]

1. d4 d5 2. c4 Nf6 3. e3 e6 4. Nf3 Nc6 5. Nc3 Bb4 6. Bd2 O-O 7. Bd3 Re8 8. O-O e5 9. dxe5 Nxe5 10. Nxe5 Rxe5
11. cxd5 Bxc3 12. Bxc3 Rxd5 13. Bd4 Bf5 14. Bc4 Rd6 15. Qb3 Be6 16. Bxe6 Rxe6 17. Qxb7 a6 18. Rac1 Nd5
0-1

[Event "2004 Standard Chess Dropout Tournament, Round 4"]
[Site "SchemingMind.com"]
[Date "2004.11.12"]
[Round "4"]
[White "Barry"]
[Black "dmichael"]
[Result "0-1"]
[WhiteCountry "GBR"]
[BlackCountry "USA"]
[WhiteElo "1754"]
[WhiteRD "87"]
[BlackElo "2032"]
[BlackRD "94"]
[GameID "5184"]

1. e4 e6 2. d4 d5 3. Nc3 Nf6 4. Bg5 dxe4 5. Nxe4 Be7 6. Bxf6 Bxf6 7. Nf3 Nd7 8. Bc4 a6 9. O-O b5 10. Bd3 Bb7
11. c3 O-O 12. Qc2 Be7 13. Rfe1 c5 14. dxc5 f5 15. Neg5 Bxg5 16. Nxg5 Qxg5 17. Bf1 Nxc5 18. Rad1 f4 19. b4 Bxg2
0-1